|
|
|
|
| LEADER |
01032nam a2200265 a 4500 |
| 001 |
c000188021 |
| 003 |
CARM |
| 005 |
20050515185715.0 |
| 008 |
981029s1955 ctua 001 0 eng d |
| 019 |
1 |
|
|a 5892391
|z 26923190
|5 LACONCORD2021
|
| 035 |
|
|
|a (OCoLC)1632178
|5 LACONCORD2021
|
| 040 |
|
|
|a ADAC
|b eng
|c ADAC
|d ABN-SNR
|
| 082 |
0 |
4 |
|a 624.152
|
| 100 |
1 |
|
|a Nichols, Herbert L.
|q (Herbert Lownds),
|d 1908-
|
| 245 |
1 |
0 |
|a Moving the earth :
|b the workbook of excavation /
|c by Herbert L. Nichols ; illustrations by Helen Schwagerman.
|
| 260 |
|
|
|a Greenwich, Con. :
|b North Castle Books,
|c 1955.
|
| 300 |
|
|
|a 1v. (various pagings) :
|b ill. ;
|c 25cm.
|
| 500 |
|
|
|a Includes index.
|
| 650 |
|
0 |
|a Earthwork.
|
| 650 |
|
0 |
|a Earthmoving machinery.
|
| 650 |
|
0 |
|a Excavation.
|
| 700 |
1 |
|
|a Schwagerman, Helen.
|
| 852 |
8 |
|
|b CARM
|h A2:AP20B0
|i C07869
|p 0252335
|f BK
|
| 999 |
f |
f |
|i a14b3faf-b786-5d50-abaa-40cec632f6c9
|s 622ec1fa-98c0-5023-8342-243758bf09fa
|
| 952 |
f |
f |
|p Can circulate
|a CAVAL
|b CAVAL
|c CAVAL
|d CARM 1 Store
|e C07869
|f A2:AP20B0
|h Other scheme
|i book
|m 0252335
|